LEADER 01170nam a2200277 4500 001 000000340095 003 CaOOAMICUS 005 20240722153123.0 008 200406s2004 it 000 u ita r 040 $aSeMil$bita 100 1 $aNotarangelo, Biagio.$0(OLS)http://semarc/name/111293 245 12$aI papi al mondo rurale /$cBiagio Notarangelo. 250 $a2. ed 264 1$aRoma :$bDelfi,$c2004. 300 $a405 p. ;$c20 cm 500 $aIn calce al front.: Con la partecipazione e su licenza della Confederazione Nazionale Coltivatori Diretti 541 0 $aFondo mons. Pasquale Macchi 650 4$aGiovanni XXIII - Discorsi.$0(OLS)http://semarc/subject/55958 650 4$aPaolo VI - Discorsi.$0(OLS)http://semarc/subject/55959 650 4$aReligione e agricoltura.$0(OLS)http://semarc/subject/55960 850 $aSeMil 852 $aSeMil$W1$xVenegono$y1$m2A II 615$j220169$B231233$CSeMilBibl$Z2$F231233 $81 941 1 $a9 996 $6245$aI papi al mondo rurale$9(OLS)http://semarc/title/429010 996 $6264$aRoma :$bDelfi$9(OLS)http://semarc/publisher/58961 LEADER 01851nam a2200241 4500 001 000000338863 003 CaOOAMICUS 005 20230626104354.0 008 200115s1780 it 000 u lat r 026 $an-e- n.0. o-i- rePr (3) 1780 (R) 040 $aSeMil$bita 100 1 $aFimiani, Carmine,$d.$0(OLS)http://semarc/name/14604 245 00$a[6]: Ad Petri de Marca Parisiensis archiepiscopi concordiam sacerdotii et imperii itemque opuscula supplemanta et auctaria continent ... opera & studio Carmini Fimiani ... nunc primum collecta. 264 1$aNeapoli :$bEx Typographia Orsiniana,$c1780. 300 $aVII, [1], XXVIII, [8], 352 p. ;$c4° 500 $aSegn.: A? a-c? dČ B? ČA-2X? 500 $aI fascicoli a-c? dČ contengono: Petri De Marca Epistola ad Lucam Dacherium 773 0 $aMarca, Pierre : de $tIllustrissimi viri Petri de Marca archiepiscopi Parisiensis Dissertationum de concordia sacerdotii et imperii, seu De libertatibus Ecclesiae gallicanae libri octo. Quibus accesserunt eiusdem auctoris Dissertationes ecclesiasticae varii argumenti. Nec non Iusti Henningii Boehmeri selectae observationes libros de Concordia illustrantes.$dNeapoli : Apud Vincentium Ursinum. Sumtibus Francisci Oriae, 1771-1780.$bIn hac novissima editione adiiciuntur Carmini Fimiani Adnotationes ...$g6$w()338857 850 $aSeMil 852 $aSeMil$W1$xVenegono$y1$m3X VI 52 FA$j217771$B229954$CSeMilBibl$Z2$F229954 $8I 996 $6245$a[6]: Ad Petri de Marca Parisiensis archiepiscopi concordiam sacerdotii et imperii itemque opuscula supplemanta et auctaria continent ... opera & studio Carmini Fimiani ... nunc primum collecta$9(OLS)http://semarc/title/427655 996 $6264$aNeapoli :$bEx Typographia Orsiniana$9(OLS)http://semarc/publisher/58786